000 00263 a2200133 4500
001 48002
040 _cAnchieta - Aquarius
100 _aMorus, Thomas
240 1 0 _aUtopia
_lpor
245 1 0 _aUtopia
300 _a62
650 4 _aLiteratura inglesa
942 _cBK
999 _c48002
_d48002